000 00891nam a2200253Ia 4500
003 OSt
005 20221005112602.0
006 a|||||r|||| 00| 0
007 ta
008 221004b |||||||| |||| 00| 0 pan d
020 _a9789350688243 (hbk)
_c250
024 _a26367
037 _b1023, 16/03/2016, H.K. Prakashan
_cTextual
040 _aCRL
_cCRL
_bpan
041 _2pan
_apan
082 _aO153,6N40w,1, Q4
100 _aਸੋਮਲ, ਕਰਨੈਲ ਸਿੰਘ
245 0 _aਕਿੱਕਰੀ੍ਵ ਫੁੱਲ ਪਏ
260 _aਚੰਡੀਗੜ੍ਹ
_bਲੋਕਗੀਤ ਪ੍ਰਕਾFਨ ਭਾਰਤ
_c2014
300 _a243ਪੰ
_ccm.
650 _aਪੰਜਾਬੀ ਸਾਹਿਤ
942 _hO153,6N40w,1, Q4
_cTEXL
_2cc
999 _c1025340
_d1025340